Meghadūtam. (Record no. 79331)
[ view plain ]
| 000 -LEADER | |
|---|---|
| fixed length control field | 00667cam a22002411 4500 |
| 001 - CONTROL NUMBER | |
| control field | sa 68003240 |
| 003 - CONTROL NUMBER IDENTIFIER | |
| control field | DLC |
| 005 - DATE AND TIME OF LATEST TRANSACTION | |
| control field | 20260227112451.0 |
| 008 - FIXED-LENGTH DATA ELEMENTS--GENERAL INFORMATION | |
| fixed length control field | 900220m19651966ii 000 0 sano |
| 010 ## - LIBRARY OF CONGRESS CONTROL NUMBER | |
| LC control number | sa 68003240 |
| 035 ## - SYSTEM CONTROL NUMBER | |
| System control number | (OCoLC)21099021 |
| 040 ## - CATALOGING SOURCE | |
| Original cataloging agency | DLC |
| Transcribing agency | WaU |
| Modifying agency | DLC |
| 041 0# - LANGUAGE CODE | |
| Language code of text/sound track or separate title | sanenghin |
| 042 ## - AUTHENTICATION CODE | |
| Authentication code | premarc |
| 050 00 - LIBRARY OF CONGRESS CALL NUMBER | |
| Classification number | PK3796 |
| Item number | .M5 1966b |
| 100 0# - MAIN ENTRY--PERSONAL NAME | |
| Personal name | Kālidāsa. |
| 245 10 - TITLE STATEMENT | |
| Title | Meghadūtam. |
| 260 ## - PUBLICATION, DISTRIBUTION, ETC. | |
| Date of publication, distribution, etc. | 1965-66 [v. 1, 1966] |
| 300 ## - PHYSICAL DESCRIPTION | |
| Extent | 2 v. in 1. |
| Dimensions | 19 cm. |
| 500 ## - GENERAL NOTE | |
| General note | Englidh, Hindi and Sanskrti; notes in Hindi and Sanskrit; introductory mattter in Hindi. |
| 700 1# - ADDED ENTRY--PERSONAL NAME | |
| Personal name | Jhā, Tāriṇīsh, |
| Dates associated with a name | 1922- |
| 700 1# - ADDED ENTRY--PERSONAL NAME | |
| Personal name | Śukla, Rāmacandra. |
No items available.